| 000 | 01022nam a22002537a 4500 | ||
|---|---|---|---|
| 001 | 617 | ||
| 005 | 20230627093328.0 | ||
| 008 | 230627b cb ||||| |||| 00| 0 eng d | ||
| 020 | _a9780755408085 | ||
| 040 |
_aFISKH _beng _cFISKH _dFISKH |
||
| 082 |
_223 _a823.01089282 |
||
| 100 | _aPatterson, Ellie. | ||
| 245 |
_aSidney and the seven seas / _cEllie Patterson. |
||
| 260 |
_aChina : _bNorth Parade ; _c2010. |
||
| 300 |
_a30 unnumbered pages; _bColor illustrations; _c26 cm. |
||
| 505 | _aF | ||
| 520 | _aSidney the Whale swims the Seven Seas as lonely as can be - until he meets a cheeky chimp in Africa and takes him along for the ride! From Australia to Panama, turn the special half-pages to reveal Sidney making many new friends on his exciting ocean adventure! | ||
| 521 |
_a350
_bLexile estimate |
||
| 521 |
_aF
_bRaz-Plus |
||
| 650 |
_aShort stories, English _y21st century. |
||
| 650 |
_aShort stories, English _y21st century. |
||
| 700 |
_aJones, Anna, _eillustrator. |
||
| 942 |
_2ddc _cBK _n0 |
||
| 999 |
_c617 _d617 |
||